000 00335nam a22001457a 4500
008 210303b ||||| |||| 00| 0 eng d
020 _a9781926648163
041 _aeng
080 _24th
_a610.73
082 _a610.73
100 _a1
101 _aINF
245 _aCanadian Fundamentals of Nursing
_cPotter, P. A
942 _2udc
_cBK
999 _c55656
_d55656